[Event "3rd Mayor's Cup"]
[Site "Mumbai IND"]
[Date "2010.06.06"]
[Round "6"]
[White "Udeshi,A"]
[Black "Hera,I"]
[Result "1/2-1/2"]
[WhiteElo "2316"]
[BlackElo "2558"]
[EventDate "2010.06.02"]

1. e4 c5 2. Nf3 e6 3. d4 cxd4 4. Nxd4 Nc6 5. Nc3 Qc7 6. Be3 Nf6 7. f4 Bb4
8. Ndb5 Qa5 9. e5 Ne4 10. Qd3 Bxc3+ 11. bxc3 a6 12. Qxe4 axb5 13. Bd2 Qb6
14. Bd3 Ne7 15. Qb4 Nd5 16. Qxb5 Qxb5 17. Bxb5 Ra3 18. c4 Ne3 19. Bxe3
Rxe3+ 20. Kd2 Ra3 21. c3 Ke7 22. Kc2 d6 23. Kb2 Ra7 24. Rad1 dxe5 25. fxe5
f6 26. Rhe1 Rf8 27. a4 b6 28. Kb3 fxe5 29. Rxe5 Rc7 30. Kb4 Rf2 31. c5
bxc5+ 32. Rxc5 Rxc5 33. Kxc5 Rxg2 34. Kb6 e5 35. Kc7 Be6 36. a5 Rb2 37. c4
Rc2 38. Rb1 Bxc4 39. Bxc4 Rxc4+ 40. Kb7 Kd7 41. a6 Rc7+ 42. Kb6 Rc6+ 43.
Kb5 Kc7 44. Ra1 Rb6+ 45. Kc5 Rb8 46. a7 Ra8 47. Kd5 Kb7 48. Kxe5 Re8+ 49.
Kf5 Ka8 50. h4 Re2 1/2-1/2

[Event "3rd Mayor's Cup"]
[Site "Mumbai IND"]
[Date "2010.06.06"]
[Round "6"]
[White "Vorobiov,E"]
[Black "Laxman,R"]
[Result "1-0"]
[WhiteElo "2612"]
[BlackElo "2476"]
[EventDate "2010.06.02"]

1. Nf3 Nf6 2. c4 e6 3. Nc3 Bb4 4. g3 O-O 5. Bg2 d5 6. a3 Be7 7. d4 Nbd7 8.
Qd3 c6 9. O-O b6 10. e4 Ba6 11. b3 c5 12. e5 dxc4 13. bxc4 Nd5 14. Ne4 Rc8
15. Qb3 cxd4 16. cxd5 Bc4 17. Qd1 exd5 18. Nd6 Bxf1 19. Bxf1 Nc5 20. Bf4 d3
21. Bxd3 Nxd3 22. Qxd3 Rc5 23. Rd1 Bxd6 24. exd6 Qf6 25. Kg2 h6 26. Be3 Rc3
27. Qxd5 Rxa3 28. Bd4 Qg6 29. d7 Rd8 30. Rc1 Qg4 31. Ne5 Qf5 1-0

[Event "3rd Mayor's Cup"]
[Site "Mumbai IND"]
[Date "2010.06.06"]
[Round "6"]
[White "Venkatesh,M"]
[Black "Lafuente,P"]
[Result "1/2-1/2"]
[WhiteElo "2452"]
[BlackElo "2587"]
[EventDate "2010.06.02"]

1. e4 e6 2. d4 d5 3. Nd2 c5 4. exd5 Qxd5 5. Ngf3 cxd4 6. Bc4 Qd6 7. O-O Nc6
8. Nb3 a6 9. Nbxd4 Nxd4 10. Nxd4 Qc7 11. Bd3 Bd6 12. h3 Ne7 13. Re1 Bd7 14.
Bd2 Ng6 15. Qh5 O-O 16. Nf3 Qc5 17. Qg4 Bc6 18. Ng5 Be7 19. h4 Rad8 20. Bc3
Bxg5 21. hxg5 Rfe8 22. Re3 Rd5 23. Rg3 Red8 24. Re1 a5 25. Qh5 Rxd3 26.
cxd3 Qd5 27. Re4 Qxa2 28. Rh3 Nf8 29. Rf4 e5 30. g6 fxg6 31. Qxe5 Ne6 32.
Rfh4 Qd5 33. Qxd5 Rxd5 34. Rxh7 Rd7 35. Rh8+ Kf7 36. Be5 Rd5 37. Re3 g5 38.
g3 g4 39. f4 gxf3 40. Rxf3+ Kg6 41. Re3 Rc5 42. Bc3 Kf7 43. Rh2 Ng5 44.
Rhe2 Rf5 45. Re7+ Kg6 46. g4 Rf3 47. Rxg7+ Kh6 48. Rg8 Nh3+ 49. Kh2 Nf4 50.
Re7 Rf2+ 51. Kg3 Rf3+ 1/2-1/2

[Event "3rd Mayor's Cup"]
[Site "Mumbai IND"]
[Date "2010.06.06"]
[Round "6"]
[White "Thejkumar,M"]
[Black "Fier,A"]
[Result "0-1"]
[WhiteElo "2439"]
[BlackElo "2581"]
[EventDate "2010.06.02"]

1. d4 Nf6 2. c4 c5 3. d5 e6 4. Nc3 exd5 5. cxd5 d6 6. Nf3 g6 7. Bf4 a6 8.
a4 Bg7 9. h3 O-O 10. e3 Qe7 11. Be2 Nbd7 12. O-O Ne8 13. Re1 Ne5 14. Nd2 f5
15. Qb3 g5 16. Bh2 f4 17. Bf1 f3 18. Bxe5 fxg2 19. Bxg2 Bxe5 20. Nc4 g4 21.
hxg4 Bxg4 22. Nxe5 Qxe5 23. f4 Qh5 24. Ne4 Rf7 25. Kf2 Qh4+ 26. Ng3 Rg7 27.
e4 Bh5 28. Qe3 Nf6 29. Rh1 Ng4+ 30. Kg1 Qxh1+ 31. Kxh1 Nxe3 32. Nxh5 Rxg2
0-1

[Event "3rd Mayor's Cup"]
[Site "Mumbai IND"]
[Date "2010.06.06"]
[Round "6"]
[White "Khusnutdinov,R"]
[Black "Praveen Kumar,C1"]
[Result "1-0"]
[WhiteElo "2525"]
[BlackElo "2391"]
[EventDate "2010.06.02"]

1. e4 e6 2. d4 d5 3. Nc3 Bb4 4. e5 c5 5. a3 Bxc3+ 6. bxc3 Ne7 7. Qg4 O-O 8.
Bd3 f5 9. exf6 Rxf6 10. Bg5 Rf7 11. Qh5 g6 12. Qd1 Nbc6 13. Nf3 Qf8 14. O-O
c4 15. Be2 h6 16. Bc1 Qg7 17. a4 g5 18. h3 Ng6 19. Nh2 Nf4 20. Bf3 Bd7 21.
Ba3 e5 22. dxe5 Nxe5 23. Bxd5 Nxd5 24. Qxd5 Bc6 25. Qd4 Rf4 26. Qd2 Rf7 27.
f3 Rd7 28. Qf2 h5 29. Rae1 Ng6 30. Qc5 Bd5 31. Qe3 Qf6 32. a5 b6 33. axb6
axb6 34. Bc1 Nf4 35. Qe5 Kf7 36. h4 Qxe5 37. Rxe5 Ra2 38. hxg5 Ng6 39. Re2
Re7 40. Be3 Nh4 41. Rd1 Bb7 42. Rdd2 b5 43. Kf2 Bc8 44. Nf1 Nf5 45. Bc5
Rxe2+ 46. Rxe2 Kg6 47. f4 Ra1 48. Nd2 h4 49. Nf3 Bb7 50. Re8 Rc1 51. Ne1
Ng3 52. Be3 Rb1 53. Bd2 Rd1 54. Ke3 Ne4 55. Nf3 Nxd2 56. Nxh4+ Kh5 57. Rh8+
Kg4 58. g6 Nf1+ 59. Ke2 Ra1 60. g7 Ng3+ 61. Ke3 Bd5 62. Kd4 Be6 63. f5 Rd1+
64. Kc5 Nxf5 65. Nxf5 Rd5+ 66. Kb4 Rxf5 67. g8=Q Bxg8 68. Rxg8+ Kf4 69. Re8
Rg5 70. Re2 Rd5 71. Ka5 Rg5 72. Kb6 Rd5 73. Kc6 Rg5 74. Kd6 Rh5 75. Kc7
Rc5+ 76. Kb6 Rd5 77. Kc6 Rg5 78. Rd2 Ke3 79. Rd5 Rxg2 80. Kxb5 Rxc2 81.
Kxc4 Ke4 82. Rd8 Ke5 83. Kb4 Ke6 84. c4 Rc1 85. Kb5 Ke7 86. Rd4 1-0

[Event "3rd Mayor's Cup"]
[Site "Mumbai IND"]
[Date "2010.06.06"]
[Round "6"]
[White "Swayams,M"]
[Black "Kunte,A"]
[Result "0-1"]
[WhiteElo "2397"]
[BlackElo "2523"]
[EventDate "2010.06.02"]

1. d4 Nf6 2. c4 e6 3. Nc3 Bb4 4. e3 O-O 5. Bd3 d5 6. Nge2 c5 7. a3 cxd4 8.
axb4 dxc3 9. c5 cxb2 10. Bxb2 Re8 11. O-O e5 12. Ra3 Nc6 13. b5 Nb4 14. Bb1
Bd7 15. Qa4 a5 16. h3 Qe7 17. Rc3 Rec8 18. f4 Ne4 19. Bxe4 dxe4 20. fxe5
Rxc5 21. Rxc5 Qxc5 22. Nd4 Qxe5 23. Qb3 Qd5 24. Qc3 f6 25. Qc7 Nd3 26. Ba3
Rc8 27. Qg3 Qe5 28. Qxe5 Nxe5 29. Rc1 Rxc1+ 30. Bxc1 Nc4 31. Nc2 Bxb5 32.
Na3 Nxa3 33. Bxa3 Kf7 34. Kf2 Ke6 35. Ke1 Kd5 36. h4 Kc4 37. Kd2 Kb3 38.
Bf8 g6 39. Bg7 f5 40. Bd4 Bd3 41. Bb6 a4 42. Kc1 a3 43. g3 Ka2 44. Bc5 b5
45. Be7 Kb3 46. Bf8 b4 47. Bd6 Ka4 0-1

[Event "3rd Mayor's Cup"]
[Site "Mumbai IND"]
[Date "2010.06.06"]
[Round "6"]
[White "Vishnu,P"]
[Black "Dzhumaev,M"]
[Result "0-1"]
[WhiteElo "2345"]
[BlackElo "2495"]
[EventDate "2010.06.02"]

1. e4 c5 2. Nf3 d6 3. d4 cxd4 4. Nxd4 Nf6 5. Nc3 a6 6. Be3 e5 7. Nb3 Be6 8.
Qd2 Be7 9. O-O-O O-O 10. f4 Nbd7 11. f5 Bxb3 12. axb3 b5 13. g4 Nxg4 14.
Rg1 Nxe3 15. Qxe3 Kh8 16. Rd3 Nf6 17. Qh3 Rc8 18. Rdg3 Rg8 19. Kb1 Rxc3 20.
Rxc3 Nxe4 21. Rc6 Nd2+ 22. Kc1 Bg5 23. Kd1 Ne4 24. Rg2 Bf4 25. Bd3 Nf6 26.
Rxa6 Qd7 27. Qf3 d5 28. Qf1 b4 29. Rb6 Qe7 30. Qe1 e4 31. Qxb4 Qe5 32. Bb5
Qxb2 33. Qc5 Qc1+ 34. Ke2 Qd2+ 35. Kf1 Qd1+ 36. Kf2 e3+ 0-1

[Event "3rd Mayor's Cup"]
[Site "Mumbai IND"]
[Date "2010.06.06"]
[Round "6"]
[White "Shiven,K"]
[Black "Varga,Zo"]
[Result "0-1"]
[WhiteElo "2337"]
[BlackElo "2479"]
[EventDate "2010.06.02"]

1. e4 Nf6 2. e5 Nd5 3. d4 d6 4. Nf3 c6 5. Be2 Bg4 6. exd6 exd6 7. O-O Be7
8. h3 Bh5 9. c4 Nb6 10. Re1 O-O 11. Nc3 Re8 12. b3 d5 13. c5 N6d7 14. Bf4
Nf8 15. Qd2 Ne6 16. Be3 Nd7 17. Ng5 Bxg5 18. Bxg5 Qxg5 19. Qxg5 Nxg5 20.
Bxh5 Nf6 21. Be2 Nfe4 22. Nxe4 Rxe4 23. Bg4 Rxd4 24. Re7 Rb8 25. Rae1 Kf8
26. R7e3 Ne4 27. Rc1 Rd2 28. Re2 Rxe2 29. Bxe2 d4 30. Rc4 Rd8 31. Bd3 Nc3
32. Kf1 Nxa2 33. Ke2 a5 34. Kd2 Nb4 35. Be4 g6 36. g4 Kg7 37. f4 h6 38. h4
Kf6 39. Ke2 g5 40. fxg5+ hxg5 41. h5 Ke5 42. Kf3 d3 43. Rc1 d2 44. Rd1 Na2
45. Bc2 Nc3 46. Ra1 d1=Q+ 47. Bxd1 Rxd1 48. Rxa5 Rd3+ 49. Kf2 Ne4+ 0-1

[Event "3rd Mayor's Cup"]
[Site "Mumbai IND"]
[Date "2010.06.06"]
[Round "6"]
[White "Farago,I"]
[Black "Saravana,Kr"]
[Result "0-1"]
[WhiteElo "2453"]
[BlackElo "2324"]
[EventDate "2010.06.02"]

1. d4 d5 2. c4 c6 3. Nc3 Nf6 4. e3 g6 5. Nf3 Bg7 6. Qb3 O-O 7. Bd2 Qb6 8.
Qa3 Bf5 9. Be2 dxc4 10. Bxc4 Qc7 11. Rc1 h6 12. Nh4 e6 13. Nxf5 exf5 14.
O-O Nbd7 15. Be2 Nb6 16. b4 Qe7 17. Qb3 Rfd8 18. Rfd1 f4 19. b5 fxe3 20.
Bxe3 cxb5 21. Bxb5 Ng4 22. Re1 Qd6 23. g3 Bxd4 24. Ne4 Qe5 25. Bxd4 Rxd4
26. f3 Nf6 27. Nc5 Qh5 28. Nxb7 Rd2 29. Re2 Rxe2 30. Bxe2 Qe5 31. Bf1 Nbd5
32. Qd3 Rb8 33. Nc5 Rb2 34. a4 Ra2 35. Rc2 Rxc2 36. Qxc2 Ne3 37. Qc1 Qd4
38. Nb3 Qb6 39. Nc5 Nf5 40. Kh1 Qc6 41. Qc3 Nd7 42. Ne4 Qxa4 43. Qc8+ Kg7
44. Be2 Qd4 45. Qc7 Ne5 46. h3 Qa1+ 47. Kh2 Qb2 48. Kh1 Nd7 49. Bf1 Nf6 50.
Bc4 Qc1+ 51. Kh2 Qc2+ 52. Kh1 Qd1+ 53. Kh2 Nd7 54. Qxa7 Ne5 55. Qa6 Qc2+
56. Be2 Nxf3+ 57. Kg2 Ne1+ 58. Kf2 Qxe4 0-1

[Event "3rd Mayor's Cup"]
[Site "Mumbai IND"]
[Date "2010.06.06"]
[Round "6"]
[White "Sauravh,K"]
[Black "Turov,M"]
[Result "0-1"]
[WhiteElo "2316"]
[BlackElo "2624"]
[EventDate "2010.06.02"]

1. c4 e5 2. Nc3 Nc6 3. Nf3 f5 4. d4 e4 5. Ng5 Bb4 6. Nh3 Nf6 7. Bg5 h6 8.
Bxf6 Qxf6 9. e3 Bxc3+ 10. bxc3 g5 11. c5 d6 12. cxd6 cxd6 13. Bb5 O-O 14.
f4 g4 15. Nf2 Na5 16. O-O Be6 17. Qa4 b6 18. Rfc1 Rfc8 19. Nd1 a6 20. Bf1
Bc4 21. Nb2 Bxf1 22. Kxf1 d5 23. Qb4 Rc6 24. Rc2 Rac8 25. Rac1 Qf8 26.
Qxf8+ Kxf8 27. Ke2 b5 28. Kd2 Ke7 29. Kd1 Kd7 30. Kd2 Kc7 31. Kd1 Kb6 32.
Kd2 R8c7 33. Kd1 Nb7 34. Kd2 Nd6 35. Rb1 Ka5 36. Rcc1 Rc8 37. Rc2 Kb6 38.
Rbc1 a5 39. Kd1 Ka6 40. Kd2 h5 41. a3 R6c7 42. Kd1 Nb7 43. a4 Nd6 44. axb5+
Kxb5 45. Rb1 Ka6 46. Na4 Nc4 47. Ke2 Rb7 48. Rcc1 Ka7 49. Rxb7+ Kxb7 50.
Rb1+ Kc6 51. Rb3 Ra8 52. Rb1 Ra6 53. Rb8 Nb6 54. Nxb6 Rxb6 55. Rc8+ Kb7 56.
Rc5 Rb2+ 57. Kf1 Kb6 58. Rc8 Rc2 59. Rb8+ Ka6 60. Ra8+ Kb5 61. Rb8+ Kc4 62.
Ra8 Ra2 0-1

[Event "3rd Mayor's Cup"]
[Site "Mumbai IND"]
[Date "2010.06.06"]
[Round "6"]
[White "Joshi,P"]
[Black "Ismagambetov,An"]
[Result "1/2-1/2"]
[WhiteElo "2291"]
[BlackElo "2524"]
[EventDate "2010.06.02"]

1. d4 Nf6 2. Nf3 e6 3. e3 c5 4. Bd3 cxd4 5. exd4 b6 6. O-O Bb7 7. c4 Be7 8.
Nc3 d5 9. cxd5 Nxd5 10. Nxd5 Qxd5 11. Re1 Nc6 12. Be4 Qd7 13. Bg5 f6 14.
Bh4 Rd8 15. Rc1 Kf7 16. a3 Na5 17. Qe2 Rc8 18. Rxc8 Bxc8 19. d5 e5 20. Bg3
Bd6 21. Nd4 exd4 22. Qh5+ g6 23. Bxg6+ Kg7 24. Be8 Rxe8 25. Rxe8 Bxg3 26.
hxg3 Nc4 27. Re4 Nd6 28. Rxd4 Qf5 29. Qe2 Qe5 30. Qd2 Bf5 31. g4 Bg6 32. f3
Bf7 33. Kf2 Kf8 34. Rd3 Kg7 35. Rd4 Kf8 36. Rd3 Kg7 37. Rd4 1/2-1/2

[Event "3rd Mayor's Cup"]
[Site "Mumbai IND"]
[Date "2010.06.06"]
[Round "7"]
[White "Aleksandrov,A"]
[Black "Bocharov,D"]
[Result "1/2-1/2"]
[WhiteElo "2604"]
[BlackElo "2592"]
[EventDate "2010.06.02"]

1. d4 Nf6 2. c4 e6 3. Nc3 Bb4 4. Qc2 O-O 5. a3 Bxc3+ 6. Qxc3 d5 7. Nf3 dxc4
8. Qxc4 b6 9. Bg5 Ba6 10. Qa4 c5 11. dxc5 bxc5 12. Rd1 Qb6 13. Bxf6 gxf6
14. Rd2 Nc6 15. Qg4+ Kh8 16. Qh4 Kg7 17. Qg4+ Kh8 18. Qh4 Kg7 1/2-1/2

[Event "3rd Mayor's Cup"]
[Site "Mumbai IND"]
[Date "2010.06.06"]
[Round "7"]
[White "Kunte,A"]
[Black "Vorobiov,E"]
[Result "1/2-1/2"]
[WhiteElo "2523"]
[BlackElo "2612"]
[EventDate "2010.06.02"]

1. d4 Nf6 2. c4 g6 3. Nc3 Bg7 4. g3 d5 5. cxd5 Nxd5 6. Bg2 Nxc3 7. bxc3 c5
8. Nf3 Nc6 9. e3 O-O 10. O-O Be6 11. Ba3 1/2-1/2

[Event "3rd Mayor's Cup"]
[Site "Mumbai IND"]
[Date "2010.06.06"]
[Round "7"]
[White "Fier,A"]
[Black "Deepan,C"]
[Result "1/2-1/2"]
[WhiteElo "2581"]
[BlackElo "2488"]
[EventDate "2010.06.02"]

1. e4 e5 2. Nf3 Nc6 3. Bb5 Nf6 4. O-O Nxe4 5. Re1 Nd6 6. Nxe5 Nxe5 7. Rxe5+
Be7 8. Bf1 O-O 9. d4 Bf6 10. Re1 Nf5 11. d5 d6 12. c3 Ne7 13. Na3 h6 14.
Nc4 Bd7 15. g3 Qc8 16. Ne3 Re8 17. Bd2 g6 18. Qf3 Bg7 19. Bd3 h5 20. Rab1
a5 21. c4 b6 22. Bc3 Bxc3 23. bxc3 Kg7 24. Qf4 Ng8 25. Qd4+ Kf8 26. f4 Qd8
27. h4 f5 28. Nf1 Qf6 29. Nd2 Rxe1+ 30. Rxe1 Re8 31. Rxe8+ 1/2-1/2

[Event "3rd Mayor's Cup"]
[Site "Mumbai IND"]
[Date "2010.06.06"]
[Round "7"]
[White "Varga,Zo"]
[Black "Greenfeld,A"]
[Result "1-0"]
[WhiteElo "2479"]
[BlackElo "2561"]
[EventDate "2010.06.02"]

1. e4 c5 2. Nf3 Nc6 3. d4 cxd4 4. Nxd4 g6 5. Nc3 Nf6 6. Nxc6 bxc6 7. e5 Ng8
8. Be3 Bg7 9. f4 f6 10. exf6 Nxf6 11. Be2 O-O 12. O-O Qa5 13. Bf3 Rb8 14.
Rb1 d6 15. Kh1 Bf5 16. Re1 Rf7 17. Bxc6 h5 18. h3 Rxb2 19. Rxb2 Qxc3 20.
Rb8+ Kh7 21. Bf3 Ne4 22. g4 Qxe3 23. Rxe3 Nf2+ 24. Kg2 Nxd1 25. Bxd1 Bd4
26. Re1 Bc3 27. Rf1 Be6 28. gxh5 Bxa2 29. Rc8 Bd4 30. c3 Be6 31. hxg6+ Kxg6
32. f5+ Rxf5 33. Bc2 Bxc8 34. cxd4 a6 35. Kg3 Kf6 36. Bxf5 Bxf5 37. h4 e6
38. Rf3 e5 1-0

[Event "3rd Mayor's Cup"]
[Site "Mumbai IND"]
[Date "2010.06.06"]
[Round "7"]
[White "Hera,I"]
[Black "Prathamesh,S"]
[Result "1/2-1/2"]
[WhiteElo "2558"]
[BlackElo "2411"]
[EventDate "2010.06.02"]

1. d4 Nf6 2. c4 e6 3. Nf3 b6 4. g3 Ba6 5. b3 Bb4+ 6. Bd2 Be7 7. Nc3 c6 8.
e4 d5 9. e5 Ne4 10. Bd3 Nxc3 11. Bxc3 c5 12. dxc5 Bxc5 13. O-O Bb7 14. Qe2
dxc4 15. Be4 Qc7 16. Ng5 h6 17. Bxb7 Qxb7 18. Ne4 cxb3 19. Nd6+ Bxd6 20.
exd6 O-O 21. Qe5 f6 22. Qxe6+ Qf7 23. Qxb3 Qxb3 24. axb3 Rd8 25. Rfd1 Rd7
26. b4 Nc6 27. b5 Nd8 28. Bb4 Nb7 29. Ra2 Nc5 30. Bxc5 bxc5 31. b6 a5 32.
Rd5 Rb8 33. Rb2 Rbb7 34. Rxc5 Rxd6 35. Rxa5 Rdxb6 1/2-1/2

[Event "3rd Mayor's Cup"]
[Site "Mumbai IND"]
[Date "2010.06.06"]
[Round "7"]
[White "Saravana,Kr"]
[Black "Khusnutdinov,R"]
[Result "0-1"]
[WhiteElo "2324"]
[BlackElo "2525"]
[EventDate "2010.06.02"]

1. e4 c5 2. Nf3 e6 3. d3 Nc6 4. g3 g6 5. Bg2 Bg7 6. O-O Nge7 7. Re1 d6 8.
c3 e5 9. a4 O-O 10. Na3 h6 11. Bd2 d5 12. exd5 Nxd5 13. Nc4 Re8 14. Qb3 Nb6
15. Rad1 Qc7 16. Be3 Be6 17. Nfd2 Rad8 18. Qb5 Nd7 19. Bxc6 bxc6 20. Qa5
Qb8 21. Ne4 Nb6 22. Bxc5 Nxc4 23. dxc4 Rxd1 24. Rxd1 Qxb2 25. f3 Qe2 26.
Nf2 Qxf3 27. Rd3 Qe2 28. Re3 Qd2 29. Qa6 Rb8 30. Qxc6 Bxc4 0-1

[Event "3rd Mayor's Cup"]
[Site "Mumbai IND"]
[Date "2010.06.06"]
[Round "7"]
[White "Turov,M"]
[Black "Udeshi,A"]
[Result "1-0"]
[WhiteElo "2624"]
[BlackElo "2316"]
[EventDate "2010.06.02"]

1. Nf3 Nf6 2. c4 c5 3. g3 Nc6 4. Bg2 g6 5. O-O Bg7 6. d4 cxd4 7. Nxd4 O-O
8. Nc2 d6 9. Nc3 Be6 10. b3 Qa5 11. Bd2 Qh5 12. e4 Qxd1 13. Raxd1 Nd7 14.
Nd5 Bxd5 15. cxd5 Nce5 16. Bg5 Bf6 17. Bxf6 Nxf6 18. f4 Ned7 19. Rfe1 Rfc8
20. Nd4 Nb6 21. a4 Rc5 22. b4 Rc4 23. a5 Na4 24. e5 Ne8 25. b5 Kf8 26. a6
bxa6 27. bxa6 Nc5 28. Bf1 Rb4 29. Nb5 Nxa6 30. Nxd6 exd6 31. Bxa6 Rb6 32.
Ra1 Nc7 33. Bc4 a5 34. Reb1 Rb4 35. Rxb4 axb4 36. Rb1 Rb8 37. exd6 Ne8 38.
d7 Nf6 39. Bb5 Rd8 40. Bc6 Nxd7 41. Rxb4 Nf6 42. Rb5 Ke7 43. Kg2 Kd6 44.
Kf3 h5 45. h3 Rg8 46. Ke3 Rc8 47. Kd4 Rc7 48. Rb6 Ra7 49. Bb5+ Ke7 50. d6+
Kf8 51. g4 hxg4 52. hxg4 Kg7 53. g5 Nh5 54. d7 Ra8 55. Ke5 Rd8 56. Kd6 Kf8
57. Rc6 Nxf4 58. Rc8 Ne6 59. Bc4 1-0

[Event "3rd Mayor's Cup"]
[Site "Mumbai IND"]
[Date "2010.06.06"]
[Round "7"]
[White "Himanshu,Sh"]
[Black "Sundararajan,K"]
[Result "1/2-1/2"]
[WhiteElo "2440"]
[BlackElo "2520"]
[EventDate "2010.06.02"]

1. e4 c6 2. d4 d5 3. e5 Bf5 4. Nf3 e6 5. Be2 Nd7 6. O-O Bg6 7. Nbd2 Nh6 8.
b3 Be7 9. c4 O-O 10. Re1 Rc8 11. Nf1 Nf5 12. Bd3 Qb6 13. c5 Qc7 14. Ng3
Nxg3 15. hxg3 b6 16. b4 a5 17. a3 Ra8 18. Bxg6 fxg6 19. Bg5 Qd8 20. Bxe7
Qxe7 21. Qd3 Rfb8 1/2-1/2

[Event "3rd Mayor's Cup"]
[Site "Mumbai IND"]
[Date "2010.06.06"]
[Round "7"]
[White "Ovetchkin,R"]
[Black "Shyam,SM"]
[Result "1-0"]
[WhiteElo "2519"]
[BlackElo "2372"]
[EventDate "2010.06.02"]

1. d4 Nf6 2. c4 g6 3. Nc3 Bg7 4. e4 d6 5. h3 O-O 6. Nf3 e5 7. d5 a5 8. g4
Na6 9. Be3 Nc5 10. Nd2 Ne8 11. h4 f5 12. gxf5 gxf5 13. h5 f4 14. Bxc5 dxc5
15. h6 Bf6 16. Qh5 Nd6 17. Bh3 Bxh3 18. Qxh3 Qc8 19. Qe6+ Qxe6 20. dxe6
Rae8 21. Nd5 c6 22. Nb6 Rxe6 23. Nd7 Rd8 24. Nxc5 1-0

[Event "3rd Mayor's Cup"]
[Site "Mumbai IND"]
[Date "2010.06.06"]
[Round "7"]
[White "Saptarshi,R"]
[Black "Vidit,S"]
[Result "0-1"]
[WhiteElo "2391"]
[BlackElo "2504"]
[EventDate "2010.06.02"]

1. e4 c5 2. Nf3 d6 3. d4 cxd4 4. Nxd4 Nf6 5. f3 e5 6. Nb3 a5 7. Bg5 Be7 8.
c4 a4 9. N3d2 Qa5 10. Nc3 Be6 11. a3 O-O 12. Bd3 Nbd7 13. O-O Rfc8 14. Be3
Bd8 15. Rf2 Bb6 16. Bxb6 Nxb6 17. Nd5 Bxd5 18. exd5 Qc5 19. Qe2 Qd4 20. Rb1
Rc7 21. g3 Nbd7 22. Kg2 Rb8 23. Nf1 g6 24. Rd1 Qb6 25. Qd2 Kg7 26. Ne3 h6
27. Bb1 Re8 28. Re1 Nc5 29. Qc3 Rce7 30. Bc2 Ra8 31. Rfe2 Qa5 32. Qb4 Rc7
33. Ra1 Nfd7 34. h4 Nb6 35. Kf2 Qxb4 36. axb4 Na6 37. Bxa4 Nxb4 38. b3 Nd3+
39. Kg2 Nc5 40. Rb2 Nbxa4 41. bxa4 Rxa4 42. Rxa4 Nxa4 43. Rb4 Nc5 44. Rb6
Rd7 45. Nd1 Kf8 46. Nc3 f5 47. Kf2 Ke7 48. Ke3 Rd8 49. f4 exf4+ 50. Kxf4
Kf6 51. g4 g5+ 52. hxg5+ hxg5+ 53. Kf3 Rh8 54. Rxd6+ Ke5 55. Nb5 f4 56. Rg6
Rh3+ 57. Ke2 Rh2+ 58. Kf3 Rh3+ 59. Ke2 Re3+ 60. Kf1 f3 61. Nc7 Rb3 62. d6
Kf4 0-1

[Event "3rd Mayor's Cup"]
[Site "Mumbai IND"]
[Date "2010.06.06"]
[Round "7"]
[White "Roy Chowdhury,S"]
[Black "Pranav,S"]
[Result "1-0"]
[WhiteElo "2473"]
[BlackElo "2171"]
[EventDate "2010.06.02"]

1. e4 c5 2. Nf3 d6 3. Nc3 Nf6 4. d4 cxd4 5. Qxd4 Nc6 6. Bb5 Qd7 7. Qd3 a6
8. Bxc6 Qxc6 9. Bg5 e6 10. O-O-O Be7 11. Bxf6 gxf6 12. Rhe1 Bd7 13. Nd4 Qc5
14. f4 O-O-O 15. Kb1 Kb8 16. a3 h5 17. Qf3 Rc8 18. e5 d5 19. Rd3 Ka8 20.
Red1 Qb6 21. Nb3 Bc6 22. Rd4 Rcf8 23. Qh3 Qc7 24. Re1 Rfg8 25. Rd3 Rg4 26.
g3 Qb6 27. Ka2 Bb5 28. Nxb5 Qxb5 29. Rc3 Qb6 30. Qf1 h4 31. Qf3 f5 32. Rd1
Rhg8 33. Rdd3 Ka7 34. Qd1 Ka8 35. Nd4 Bc5 36. Ne2 hxg3 37. hxg3 Rh8 38. Rb3
Qc7 39. Nc3 Ba7 40. Ne2 Rgg8 41. Nd4 Rh2 42. Rbc3 Qd7 43. Nf3 Rhh8 44. Ng5
Qe7 45. Qd2 Rh1 46. Rb3 Rc8 47. Rdc3 Rhh8 48. Rxc8+ Rxc8 49. Rc3 Rh8 50.
Rd3 Rc8 51. Qe2 Rc4 52. Kb1 Rc8 53. Rd1 Rh8 54. Qf3 f6 55. exf6 Qxf6 56.
Re1 Re8 57. Re2 Re7 58. Qh1 Bb8 59. Rf2 Ka7 60. Qd1 Ka8 61. Rf1 Bc7 62. Qd3
d4 63. Nf3 e5 64. fxe5 Bxe5 65. Nh4 f4 66. Ng6 Rg7 67. Nxe5 Qxe5 68. gxf4
Qf6 69. f5 Re7 70. Rg1 Re3 71. Qc4 Re5 72. Rg8+ 1-0

[Event "3rd Mayor's Cup"]
[Site "Mumbai IND"]
[Date "2010.06.06"]
[Round "7"]
[White "Ashwin,J"]
[Black "Roop,S"]
[Result "1-0"]
[WhiteElo "2457"]
[BlackElo "2043"]
[EventDate "2010.06.02"]

1. e4 d6 2. d4 Nf6 3. Nc3 g6 4. f4 c6 5. Nf3 Bg7 6. Bd3 O-O 7. h3 Nbd7 8.
Be3 Qb6 9. Qc1 Re8 10. O-O Qa5 11. e5 Nd5 12. Nxd5 cxd5 13. a4 Nb8 14. Bd2
Qc7 15. Qe1 Nc6 16. Qh4 e6 17. Ng5 h6 18. Nf3 Qd8 19. Qg3 Ne7 20. Bb4 dxe5
21. fxe5 Nf5 22. Qf2 a5 23. Bd2 Rf8 24. c3 b6 25. g4 Ne7 26. Qh4 Kh7 27.
Ng5+ Kg8 28. Nf3 Kh7 29. Bg5 Ra7 30. Bf6 Bxf6 31. exf6 Ng8 32. Ne5 Ba6 33.
Bb5 Qd6 34. g5 Bxb5 35. axb5 h5 36. Qf4 Qc7 37. Nc6 Qxf4 38. Rxf4 Rc7 39.
h4 Rfc8 40. Kf2 Kh8 41. Rf3 Kh7 42. Ke3 Kh8 43. Ra4 Kh7 44. Rf1 Kh8 45.
Rfa1 Kh7 46. b4 axb4 47. Rxb4 Nh6 48. gxh6 Kxh6 49. Rb2 Rh8 50. Kf4 1-0

[Event "3rd Mayor's Cup"]
[Site "Mumbai IND"]
[Date "2010.06.06"]
[Round "7"]
[White "Ankit,R"]
[Black "Venkatesh,M"]
[Result "1/2-1/2"]
[WhiteElo "2350"]
[BlackElo "2452"]
[EventDate "2010.06.02"]

1. e4 c5 2. c3 d6 3. d4 Nf6 4. dxc5 Nc6 5. Qc2 dxc5 6. Bf4 e5 7. Bg3 Nh5 8.
Nf3 Qf6 9. Bb5 Bd6 10. Nbd2 Bg4 11. Rd1 Bc7 12. Be2 O-O 13. Nc4 Nf4 14. Ne3
Be6 15. Bxf4 Qxf4 16. Nd5 Bxd5 17. Rxd5 Bb6 18. O-O Rad8 19. Rfd1 Rxd5 20.
Rxd5 Rd8 21. Bc4 h6 22. Rxd8+ Nxd8 23. Bd5 Kf8 24. Qd2 Qxd2 25. Nxd2 Ke7
26. Kf1 Bc7 27. Ke2 b5 28. c4 a6 29. cxb5 axb5 30. b3 Ba5 31. a4 c4 32. b4
Bxb4 33. axb5 c3 34. Nb3 Kd6 35. Kd3 Bc5 1/2-1/2

[Event "3rd Mayor's Cup"]
[Site "Mumbai IND"]
[Date "2010.06.06"]
[Round "7"]
[White "Kravtsiv,M"]
[Black "Banerjee,S"]
[Result "1-0"]
[WhiteElo "2546"]
[BlackElo "2128"]
[EventDate "2010.06.02"]

1. e4 e6 2. d4 d5 3. Nc3 Bb4 4. e5 c5 5. a3 Bxc3+ 6. bxc3 Ne7 7. Nf3 Qa5 8.
Qd2 Nbc6 9. a4 f6 10. exf6 gxf6 11. Bb5 Bd7 12. Ba3 cxd4 13. Nxd4 e5 14.
Nb3 Qc7 15. O-O O-O-O 16. Nc5 Rhg8 17. Rfb1 e4 18. Nxb7 Qxb7 19. Bf1 Rxg2+
20. Bxg2 Qc7 21. Bxe7 Nxe7 22. Ra3 Rg8 23. c4 f5 24. cxd5 f4 25. Rc3 f3 26.
Rxc7+ Kxc7 27. d6+ 1-0

[Event "3rd Mayor's Cup"]
[Site "Mumbai IND"]
[Date "2010.06.06"]
[Round "7"]
[White "Shashikant,K"]
[Black "Luther,T"]
[Result "0-1"]
[WhiteElo "2290"]
[BlackElo "2541"]
[EventDate "2010.06.02"]

1. e4 e6 2. d4 d5 3. Nc3 Bb4 4. e5 c5 5. a3 Bxc3+ 6. bxc3 Qa5 7. Bd2 Qa4 8.
Qb1 c4 9. h4 Nc6 10. h5 h6 11. Be2 Nge7 12. Nf3 Bd7 13. O-O O-O-O 14. Nh4
g5 15. Nf3 Ng8 16. Nh2 f5 17. exf6 Nxf6 18. g4 Rhe8 19. f3 e5 20. dxe5 Rxe5
21. Bd1 Rde8 22. Qb2 Qa5 23. a4 Nd8 24. Qb4 Qc7 25. f4 R5e7 26. fxg5 Qg3+
27. Kh1 Re2 0-1

[Event "3rd Mayor's Cup"]
[Site "Mumbai IND"]
[Date "2010.06.06"]
[Round "7"]
[White "Ismagambetov,An"]
[Black "Singh,DP"]
[Result "1-0"]
[WhiteElo "2524"]
[BlackElo "2286"]
[EventDate "2010.06.02"]

1. e4 b6 2. d4 Bb7 3. Bd3 e6 4. Nf3 d6 5. Qe2 Nd7 6. c3 g6 7. h4 h6 8. Nbd2
Bg7 9. Nf1 Ngf6 10. Ng3 a6 11. a4 c5 12. Bf4 Qc7 13. h5 g5 14. Be3 d5 15.
e5 Ng8 16. Nh2 Ne7 17. Ng4 c4 18. Bc2 O-O-O 19. O-O f6 20. exf6 Nxf6 21.
Bxg5 Nxg4 22. Bxe7 Qxe7 23. Qxg4 Kb8 24. Rae1 Bc8 25. Nf5 exf5 26. Rxe7
fxg4 27. Rxg7 Rde8 28. Bd1 Rhf8 29. Bxg4 Bxg4 30. Rxg4 Re2 31. f4 Rxb2 32.
f5 b5 33. axb5 axb5 34. Rg6 Kc7 35. Rxh6 Rc2 36. Rf3 Rd2 37. Rh7+ Kc6 38.
Rg7 Rd3 39. Rg6+ Kd7 40. Rgg3 b4 41. Rxd3 cxd3 42. cxb4 Rxf5 43. Rxd3 Rxh5
44. g3 Kc6 45. Rc3+ Kd6 46. Kg2 Rh8 47. b5 Re8 48. Rc6+ Kd7 49. Rc5 Kd6 50.
Rc2 Re4 51. b6 1-0

[Event "3rd Mayor's Cup"]
[Site "Mumbai IND"]
[Date "2010.06.07"]
[Round "8"]
[White "Maletin,P"]
[Black "Kokarev,Dm"]
[Result "1/2-1/2"]
[WhiteElo "2584"]
[BlackElo "2612"]
[EventDate "2010.06.02"]

1. d4 Nf6 2. c4 g6 3. g3 Bg7 4. Bg2 O-O 5. Nc3 d6 6. Nf3 Nc6 7. O-O a6 8.
d5 Na5 9. b3 c5 10. dxc6 Nxc6 11. Bb2 Bf5 1/2-1/2

[Event "3rd Mayor's Cup"]
[Site "Mumbai IND"]
[Date "2010.06.07"]
[Round "8"]
[White "Khusnutdinov,R"]
[Black "Aleksandrov,A"]
[Result "1/2-1/2"]
[WhiteElo "2525"]
[BlackElo "2604"]
[EventDate "2010.06.02"]

1. e4 e5 2. Nf3 Nc6 3. d4 exd4 4. Nxd4 Bc5 5. Be3 Qf6 6. c3 Nge7 7. Bc4 Ne5
8. Be2 Qg6 9. O-O d6 10. Kh1 O-O 11. Nd2 Ng4 1/2-1/2